000 00818nam a2200253 a 4500
001 45668
003 BD-RjUL
005 20211209054042.0
008 131223t19631938E 001 0 eng
035 _a(BD-RjUL)45786
040 _aDLC
_cOClU
_dUk
_dDLC
_dBD-RjUL
_beng
041 _aeng
082 _a342.4209
_bKEC 1963
_223
100 1 _aKeir, David Lindsay,
_d1895-1973.
_915146
245 1 4 _aThe constitutional history of modern Britain, since 1485 /
_cby David Lindsay Keir.
250 _a7th ed.
260 _aLondon :
_bAdam and Chirles Black,
_cc1963
300 _aviii, 591 p. ;
_c24 cm.
504 _aIncludes Index.
650 0 _aConstitutional history
_zGreat Britain.
_915147
651 0 _aGreat Britain
_xPolitics and government
_y1485-
_915148
942 _2ddc
_cBK
999 _c45668
_d45668